| 000 | 00481cam a2200145 4500500 | ||
|---|---|---|---|
| 005 | 20251012032443.0 | ||
| 041 | _afre | ||
| 042 | _adc | ||
| 100 | 1 | 0 |
_aBaldran, Jacqueline _eauthor |
| 245 | 0 | 0 | _aJean-Jacques Rousseau, Louise d’Épinay : Confessions et Contre-Confessions |
| 260 | _c2000. | ||
| 500 | _a97 | ||
| 786 | 0 | _nSigila | 5 | 1 | 2000-06-20 | p. 121-131 | 1286-1715 | |
| 856 | 4 | 1 | _uhttps://shs.cairn.info/revue-sigila-2000-1-page-121?lang=fr&redirect-ssocas=7080 |
| 999 |
_c1547332 _d1547332 |
||